Reglament de la Associació Protectora de la Ensenyansa Catalana
Descripción Física:
16 p. ; 15 cm
MARC
| LEADER | 00000nam a2200000Ia 4500 | ||
|---|---|---|---|
| 001 | 20708 | ||
| 008 | 160829s1902 xx 000 0 cat d | ||
| 080 | |a 3400, exp. 14 | ||
| 110 | 2 | |a Associació Protectora de l'Ensenyança Catalana |9 56179 | |
| 245 | |a Reglament de la Associació Protectora de la Ensenyansa Catalana | ||
| 260 | |a Barcelona : |b Imprempta Elzeviriana de Borrás y Mestres, |c 1902 | ||
| 300 | |a 16 p. ; |c 15 cm | ||
| 610 | 2 | 0 | |a Associació Protectora de l'Ensenyança Catalana |x Estatuts |9 56181 |
| 901 | |a Arxiu | ||
| 942 | |n 1 | ||
| 952 | |0 0 |1 0 |4 0 |6 3400_EXP_14 |7 1 |9 54444 |a Arxiu |b Arxiu |d 2016-12-01 |l 0 |o 3400, exp. 14 |p 20708 |r 2016-12-01 00:00:00 |w 2016-12-01 |y ARXIU | ||
| 999 | |c 58313 |d 58313 | ||